000 00264nam a22001217a 4500
008 180118b xxu||||| |||| 00| 0 eng d
041 _aeng
080 _a37
100 _a46
101 _aEDU
245 _aHEALTH EDUCATION QUARTERLY
_cALLAN.S
942 _2udc
_cBK
999 _c40439
_d40439